Laddar...

Historians and historiography : twentieth century Orissa

Bibliografiska uppgifter
Huvudupphovsman: Subash C Padhy (ed.)
Materialtyp: Printed Book
Publicerad: Delhi Sundeep 2007
Ämnen:
LEADER 00636nam a22001811a 4500
020 |a 9788175741775  |c 0.00 
040 |a SSUS - Library - Kalady 
082 |a 907.2  |b SUB/H 
100 |a Subash C Padhy (ed.) 
245 |a Historians and historiography : twentieth century Orissa  |h [Text] 
260 |a Delhi  |b Sundeep  |c 2007 
300 |a 175p. 
600 |a Historiography 
600 |a Historiography Orissa 
852 |h 907.2  |i SUB/H  |p 055365  |9 495.00  |t 0 
942 |c BK 
999 |c 17949  |d 17949 
952 |0 0  |1 0  |4 0  |6 907_200000000000000_SUB_H  |7 0  |9 25317  |a SSUS  |b SSUS  |d 2015-01-08  |g 495.00  |l 3  |o 907.2 SUB/H  |p 055365  |r 2019-04-03  |s 2019-04-01  |v 0.00  |w 2015-01-08  |y BK